Statistiques concernant Counting in Swiss French

Cliquez ici pour prendre le quiz!

Statistiques générales

  • Ce quiz a été pris 66 fois
  • Le résultat moyen est 24 sur 37

Statistiques - réponses

# Standard French Swiss French % Correct
10dixdix
100%
20vingtvingt
97%
30trentetrente
93%
40quarantequarante
92%
50cinquantecinquante
86%
60soixantesoixante
83%
70soixante-dixseptante
81%
100centcent
76%
71soixante-et-onzeseptante-et-un
71%
72soixante-douzeseptante-deux
69%
80quatre-vingtshuitante
68%
73soixante-treizeseptante-trois
68%
77soixante-dix-septseptante-sept
66%
74soixante-quatorzeseptante-quatre
66%
75soixante-quinzeseptante-cinq
66%
79soixante-dix-neufseptante-neuf
64%
78soixante-dix-huitseptante-huit
64%
76soixante-seizeseptante-six
64%
87quatre-vingt-septhuitante-sept
59%
88quatre-vingt-huithuitante-huit
59%
86quatre-vingt-sixhuitante-six
59%
89quatre-vingt-neufhuitante-neuf
59%
82quatre-vingt-deuxhuitante-deux
59%
85quatre-vingt-cinqhuitante-cinq
59%
83quatre-vingt-troishuitante-trois
59%
81quatre-vingt-unhuitante-et-un
59%
84quatre-vingt-quatrehuitante-quatre
59%
90quatre-vingt-dixnonante
54%
99quatre-vingt-dix-neufnonante-neuf
46%
96quatre-vingt-seizenonante-six
44%
95quatre-vingt-quinzenonante-cinq
44%
98quatre-vingt-dix-huitnonante-huit
44%
97quatre-vingt-dix-septnonante-sept
44%
93quatre-vingt-treizenonante-trois
42%
91quatre-vingt-onzenonante-et-un
42%
92quatre-vingt-douzenonante-deux
42%
94quatre-vingt-quatorzenonante-quatre
42%

Distribution des résultats

Percentile by Number Answered

% des personnes avec chaque résultat

Votre développement - résultats

Vous n’avez pas pris ce quiz